• 首页
  • 本馆介绍
  • 公告通知
  • 最新文献
  • 馆藏检索
  • 电子资源
  • 读者导购
  • 参考咨询
  • 我的图书馆
  • 登录
  • 详细信息显示
  • 放入我的书架
  • 预约/预借图书
  • 作者相关作品
  • 分类相关作品
  • 丛书相关作品
  • 出版社相关作品

书目信息

  • 表格格式
  • 工作单格式
  • 卡片格式
题名:
印尼华侨史
    
 
作者: 李学民 , 黄昆章 著
分册:  
出版信息: 广州   广东高等教育出版社  2005
页数: 440页
开本: 21cm
丛书名: 东南亚华侨史丛书
单 册:
中图分类: D634.334.2
科图分类:
主题词: 华侨--历史--印度尼西亚 , 华侨
电子资源:
ISBN: 7-5361-3071-6
000 00903oam2 2200265 450
001 002842080
005 20061114152146.78
010    @a7-5361-3071-6@dCNY25.00
100    @a20050331d2005 em y0chiy0110 ea
101 0  @achi
102    @aCN@b440000
105    @ay z 000yy
200 1  @a印尼华侨史@9yin ni hua qiao shi@e古代至1949年@f李学民,黄昆章著
210    @a广州@c广东高等教育出版社@d2005
215    @a440页@d21cm
225 2  @a东南亚华侨史丛书
330    @a本书上起秦汉,下迄1949年中华人民共和国成立前后,涉及印尼华侨社会经济、政治、文化教育多方面,深入分析了华侨工商业经济遭受西方殖民主义压榨的一面。
461  0 @12001 @a东南亚华侨史丛书
606 0  @a华侨@x历史@y印度尼西亚
606 0  @a华侨
690    @aD634.334.2@v4
701  0 @a李学民@9li xue min@f(1932~)@4著
701  0 @a黄昆章@9huang kun zhang@f(1937.10~)@4著
801  0 @aCN@bNLC@c20061114
905    @a10447@dD634.334.2@e73
    
    印尼华侨史:古代至1949年/李学民,黄昆章著.-广州:广东高等教育出版社,2005
    440页;21cm.-(东南亚华侨史丛书)
    
    
    ISBN 7-5361-3071-6:CNY25.00
    本书上起秦汉,下迄1949年中华人民共和国成立前后,涉及印尼华侨社会经济、政治、文化教育多方面,深入分析了华侨工商业经济遭受西方殖民主义压榨的一面。
●
相关链接 在E读中查询图书 在五车中查询图书 在当当中查询图书 在豆瓣中查询图书


正题名:印尼华侨史     索取号:D634.334.2/73         预约/预借

序号 登录号 条形码 馆藏地/架位号 状态 备注
1 0382559   203825593   第一样本阅览室/ [索取号:D634.334.2/73] 在馆    
2 0382560   203825600   第一借阅区/ [索取号:D634.334.2/73] 在馆    
唐山师范学院图书馆 欢迎您!
大连网信软件有限公司© 版权所有